<?xml version="1.0" encoding="UTF-8"?><?xml-stylesheet type="text/xsl" href="static/style.xsl"?><OAI-PMH xmlns="http://www.openarchives.org/OAI/2.0/" xmlns:xsi="http://www.w3.org/2001/XMLSchema-instance" xsi:schemaLocation="http://www.openarchives.org/OAI/2.0/ http://www.openarchives.org/OAI/2.0/OAI-PMH.xsd"><responseDate>2026-04-13T05:43:15Z</responseDate><request verb="GetRecord" identifier="oai:www.recercat.cat:10459.1/83681" metadataPrefix="marc">https://recercat.cat/oai/request</request><GetRecord><record><header><identifier>oai:recercat.cat:10459.1/83681</identifier><datestamp>2024-12-04T15:27:34Z</datestamp><setSpec>com_2072_3622</setSpec><setSpec>col_2072_478537</setSpec></header><metadata><record xmlns="http://www.loc.gov/MARC21/slim" xmlns:dcterms="http://purl.org/dc/terms/" xmlns:xsi="http://www.w3.org/2001/XMLSchema-instance" xmlns:doc="http://www.lyncode.com/xoai" xsi:schemaLocation="http://www.loc.gov/MARC21/slim http://www.loc.gov/standards/marcxml/schema/MARC21slim.xsd">
   <leader>00925njm 22002777a 4500</leader>
   <datafield ind2=" " ind1=" " tag="042">
      <subfield code="a">dc</subfield>
   </datafield>
   <datafield ind2=" " ind1=" " tag="720">
      <subfield code="a">Coria Miranda, Maria</subfield>
      <subfield code="e">author</subfield>
   </datafield>
   <datafield ind2=" " ind1=" " tag="260">
      <subfield code="c">2022-07-28T09:31:38Z</subfield>
   </datafield>
   <datafield ind2=" " ind1=" " tag="260">
      <subfield code="c">2022-07-28T09:31:38Z</subfield>
   </datafield>
   <datafield ind2=" " ind1=" " tag="260">
      <subfield code="c">2022</subfield>
   </datafield>
   <datafield ind2=" " ind1=" " tag="520">
      <subfield code="a">Introducció: El càncer de còlon i recte apareix quan hi ha un creixement descontrolat i anormal de les cèl·lules que el formen. Entre un 5% i un 10% dels casos es deuen a mutacions genètiques hereditàries. La seva incidència està augmentant al nostre entorn, i s’ha establert la prevenció primària com una estratègia eficaç per disminuir els principals factors de risc modificables que afavoreixen la seva aparició. En l’actualitat, a la unitat de consell genètic de Lleida no s’aprofundeix en la prevenció primària de la població amb predisposició genètica a patir aquesta malaltia, i tampoc existeix cap Programa d’Educació per a la Salut dirigit a aquesta població. En conseqüència, en el present treball es proposa el programa “Predisposats a millorar la nostra salut”, impartit per l’equip d’infermeria a la unitat de consell genètic de l’Hospital Universitari Arnau de Vilanova.&#xd;
Objectius: Dissenyar un Programa d’Educació per a la Salut que permeti incrementar el conjunt de coneixements en relació als estils de vida que poden augmentar el risc de patir CCR en la població amb una predisposició genètica a patir-ne. &#xd;
Metodologia: Es planteja el disseny d’un Programa d’Educació Sanitària dirigit a la població amb predisposició genètica a patir càncer de còlon i recte a partir del model d’intervenció en 8 etapes. Aquest inclou, entre d’altres, una cerca bibliogràfica sobre els factors i estils de vida que predisposen a la malaltia en la població diana, i una avaluació de resultats mitjançant diversos qüestionaris i activitats que pretenen comprovar si els objectius s’han complert. &#xd;
Conclusions: Mitjançant la realització del programa “Predisposats a millorar la nostra salut” en la població amb predisposició genètica a patir càncer de còlon i recte de Lleida, s’espera incrementar elsconeixements relacionats amb la prevenció primària d’aquesta població, per tal de disminuir el seu risca patir aquesta malaltia.</subfield>
   </datafield>
   <datafield ind2=" " ind1=" " tag="520">
      <subfield code="a">Introduction: Colorectal cancer appears when there is an uncontrolled and abnormal growth of the cells that form it. Between 5% and 10% of cases are due to inherited genetic mutations. Its incidence is increasing all around us, and primary prevention has been established as an effective strategy to reduce the main modifiable risk factors that favor its appearance. Currently, the genetic counseling unit of Lleida does not delve into primary prevention for the population with a genetic predisposition to colorectal cancer, nor is there any Health Education Program for this population. Therefore, the present project proposes &#xd;
the Health Education Program "Predisposed to improve our health", taught by the nursing team in the genetic counseling unit of the Arnau de Vilanova University Hospital.&#xd;
Objectives: To develop a Health Education Program that allows increasing the set of knowledge in relation to lifestyles that can increase the risk of colorectal cancer in the population with a genetic predisposition to suffer it.&#xd;
Methodology: The design of a Health Education Program aimed at the population with a genetic predisposition to colorectal cancer that it’s proposed is based on the eight-stage intervention model. This includes, among others, an exhaustive bibliographic search on the factors and lifestyles that predispose to &#xd;
the disease in the target population, and an evaluation of the results through various questionnaires and activities that seek to verify whether the objectives have been met.&#xd;
Conclusions: By carrying out the "Predisposed to improve our health" program in the population with a genetic predisposition to colorectal cancer in Lleida, it is expected that knowledge related to primary prevention will be increased in this population, in order to reduce their risk of suffering from this disease.</subfield>
   </datafield>
   <datafield ind1="8" ind2=" " tag="024">
      <subfield code="a">http://hdl.handle.net/10459.1/83681</subfield>
   </datafield>
   <datafield tag="653" ind2=" " ind1=" ">
      <subfield code="a">Càncer de Còlon i Recte</subfield>
   </datafield>
   <datafield tag="653" ind2=" " ind1=" ">
      <subfield code="a">Prevenció Primària</subfield>
   </datafield>
   <datafield tag="653" ind2=" " ind1=" ">
      <subfield code="a">Predisposició  Genètica</subfield>
   </datafield>
   <datafield tag="653" ind2=" " ind1=" ">
      <subfield code="a">Avaluació de Riscos</subfield>
   </datafield>
   <datafield tag="653" ind2=" " ind1=" ">
      <subfield code="a">Consell Genètic</subfield>
   </datafield>
   <datafield tag="653" ind2=" " ind1=" ">
      <subfield code="a">Estil de vida saludable</subfield>
   </datafield>
   <datafield tag="653" ind2=" " ind1=" ">
      <subfield code="a">Colorectal Neoplasms</subfield>
   </datafield>
   <datafield tag="653" ind2=" " ind1=" ">
      <subfield code="a">Primary Prevention</subfield>
   </datafield>
   <datafield tag="653" ind2=" " ind1=" ">
      <subfield code="a">Genetic Predisposition  to Disease</subfield>
   </datafield>
   <datafield tag="653" ind2=" " ind1=" ">
      <subfield code="a">Risk Assessment</subfield>
   </datafield>
   <datafield tag="653" ind2=" " ind1=" ">
      <subfield code="a">Genetic Counseling</subfield>
   </datafield>
   <datafield tag="653" ind2=" " ind1=" ">
      <subfield code="a">Healthy Lifestyle</subfield>
   </datafield>
   <datafield ind2="0" ind1="0" tag="245">
      <subfield code="a">“Predisposats a millorar la nostra salut" Disseny d’un Programa d’Educació per a la Salut dirigit a la població amb predisposició genètica  a patir càncer de còlon i recte</subfield>
   </datafield>
</record></metadata></record></GetRecord></OAI-PMH>